<?xml version="1.0" encoding="UTF-8"?>
<record
    xmlns:xsi="http://www.w3.org/2001/XMLSchema-instance"
    xsi:schemaLocation="http://www.loc.gov/MARC21/slim http://www.loc.gov/standards/marcxml/schema/MARC21slim.xsd"
    xmlns="http://www.loc.gov/MARC21/slim">

  <leader>00922nam a2200241 a 4500</leader>
  <controlfield tag="005">20171127110550.0</controlfield>
  <controlfield tag="008">171127b1989    xxuabdo| |||| 00| 0 spa d</controlfield>
  <datafield tag="040" ind1=" " ind2=" ">
    <subfield code="c">CO-BoIH</subfield>
    <subfield code="a">CO-BoIAVH</subfield>
  </datafield>
  <datafield tag="041" ind1="0" ind2=" ">
    <subfield code="a">spa</subfield>
  </datafield>
  <datafield tag="044" ind1=" " ind2=" ">
    <subfield code="a">ck</subfield>
  </datafield>
  <datafield tag="090" ind1=" " ind2=" ">
    <subfield code="a">IAVH</subfield>
    <subfield code="b">00059</subfield>
  </datafield>
  <datafield tag="100" ind1=" " ind2=" ">
    <subfield code="a">G&#xF3;mez Bernal , Luis Germ&#xE1;n</subfield>
    <subfield code="e">autor</subfield>
  </datafield>
  <datafield tag="245" ind1="1" ind2="0">
    <subfield code="a">Programa para la recuperaci&#xF3;n y protecci&#xF3;n del c&#xF3;ndor andino en Colombia</subfield>
  </datafield>
  <datafield tag="260" ind1=" " ind2=" ">
    <subfield code="a">Bogot&#xE1; :</subfield>
    <subfield code="b">Instituto Alexander von Humboldt :</subfield>
    <subfield code="b">Conservaci&#xF3;n Internacional :</subfield>
    <subfield code="b">Fundaci&#xF3;n Biocolombia ;</subfield>
    <subfield code="c">1997.</subfield>
  </datafield>
  <datafield tag="300" ind1=" " ind2=" ">
    <subfield code="a">630 p&#xE1;ginas.</subfield>
    <subfield code="b">Ilustraciones,mapas, gr&#xE1;ficos y fotograf&#xED;as. </subfield>
    <subfield code="c">28 x 23 cm.</subfield>
  </datafield>
  <datafield tag="505" ind1=" " ind2=" ">
    <subfield code="a">Documentos de trabajo realizados desde 1988 hasta 1990</subfield>
  </datafield>
  <datafield tag="505" ind1=" " ind2=" ">
    <subfield code="a">Documentos de trabajo desde 1991 hasta 1996</subfield>
  </datafield>
  <datafield tag="650" ind1="2" ind2="6">
    <subfield code="a">C&#xF3;ndor</subfield>
    <subfield code="z">Colombia.</subfield>
  </datafield>
  <datafield tag="650" ind1="2" ind2="6">
    <subfield code="a">C&#xF3;ndor de los Andes</subfield>
  </datafield>
  <datafield tag="650" ind1="2" ind2="6">
    <subfield code="a">Programa Condor andino</subfield>
  </datafield>
  <datafield tag="942" ind1=" " ind2=" ">
    <subfield code="c">INFORME</subfield>
    <subfield code="2">z</subfield>
  </datafield>
  <datafield tag="945" ind1=" " ind2=" ">
    <subfield code="d">2004-02-13</subfield>
  </datafield>
  <datafield tag="999" ind1=" " ind2=" ">
    <subfield code="c">3713</subfield>
    <subfield code="d">3713</subfield>
  </datafield>
  <datafield tag="952" ind1=" " ind2=" ">
    <subfield code="0">0</subfield>
    <subfield code="1">0</subfield>
    <subfield code="2">z</subfield>
    <subfield code="4">0</subfield>
    <subfield code="7">0</subfield>
    <subfield code="8">HUMBOLDT</subfield>
    <subfield code="a">Bogota</subfield>
    <subfield code="b">Bogota</subfield>
    <subfield code="d">2012-12-04</subfield>
    <subfield code="e">Gisele Didier</subfield>
    <subfield code="l">1</subfield>
    <subfield code="m">1</subfield>
    <subfield code="o">IAVH-00059</subfield>
    <subfield code="p">003832</subfield>
    <subfield code="r">2024-08-09 00:00:00</subfield>
    <subfield code="s">2014-03-07</subfield>
    <subfield code="t">V. 1 Ej. 1</subfield>
    <subfield code="w">2012-12-04</subfield>
    <subfield code="x"> Institucional</subfield>
    <subfield code="y">INFORME</subfield>
    <subfield code="z">Documentaci&#xF3;n de los trabajos realizados desde 1988 hasta 1990</subfield>
  </datafield>
  <datafield tag="952" ind1=" " ind2=" ">
    <subfield code="0">0</subfield>
    <subfield code="1">0</subfield>
    <subfield code="2">z</subfield>
    <subfield code="4">0</subfield>
    <subfield code="7">0</subfield>
    <subfield code="8">HUMBOLDT</subfield>
    <subfield code="a">Bogota</subfield>
    <subfield code="b">Bogota</subfield>
    <subfield code="d">2012-12-04</subfield>
    <subfield code="e">Gisele Didier</subfield>
    <subfield code="l">1</subfield>
    <subfield code="o">IAVH-00059</subfield>
    <subfield code="p">003970</subfield>
    <subfield code="r">2024-08-09 00:00:00</subfield>
    <subfield code="s">2014-03-07</subfield>
    <subfield code="t">V. 2 Ej. 1</subfield>
    <subfield code="w">2012-12-04</subfield>
    <subfield code="x">Institucional</subfield>
    <subfield code="y">INFORME</subfield>
    <subfield code="z">Documentaci&#xF3;n de los trabajos realizados desde 1991 hasta 1996</subfield>
  </datafield>
</record>
